000 02735cam a22003371i 4500
003 SA-RiAUC
005 20250608122719.0
008 250608t2008 su a g f000 0dara c
020 _a9789960590226
024 0 _a00000000352514
040 _aSA-RiKAPL
_bara
_cSA-RiAUC
_dKAC
_erda
043 _aa-su---
082 0 4 _a027.1531
_qSA-RiAUC
090 _a027.1531
_bس م ا
100 1 _aالسماري، فهد بن عبد الله بن عبد العزيز،
_d1377 هجري-
_eمؤلف.
245 1 0 _aمكتبة الملك فيصل بن عبد العزيز آل سعود الخاصة /
_cالدكتور فهد بن عبد الله عبد العزيز السماري.
264 1 _aالرياض :
_bدارة الملك عبد العزيز،
_c[2008]
264 4 _c©2008
300 _a156 صفحة :
_bإيضاحيات ؛
_c29 × 22 سم.
336 _aنص
_btxt
_2rdacontent
_3كتاب
337 _aبدون وسيط
_bn
_2rdamedia
338 _aمجلد
_bnc
_2rdacarrier
490 0 _aإصدارات دارة الملك عبد العزيز ؛
_v222
520 _aيتناول المكتبة الخاصة للملك فيصل بن عبد العزيز آل سعود -رحمه الله- المحفوظة في مؤسسة الملك فيصل الخيرية في الرياض. ومع أنها لا تشكل كامل محتويات المكتبة إلا أنها جاءت متنوعة في كتبها، حيث تضمنت مؤلفات سعودية وعربية وأجنبية مهداة إلى جلالته طيب الله ثراه .وتعطي هذه المكتبة القيمة صورة مشرقة عن اهتمام الملك فيصل بالعلم واحتفائه بأهله من جانب، وحرص المؤلفين والمثقفين على إهداء إنتاجهم من جانب آخر .ويهدف هذا الإصدار إلى توثيق نماذج من جهود الملك فيصل في مجالات العلم والثقافة والنشر تزامنا مع عقد الدارة للندوة العلمية عن تاريخ الملك فيصل بن عبد العزيز، ولعل القارئ والباحث يجدان فيه ما يرشدهما إلى مزيد من الدراسة عن تاريخه رحمه الله .
600 1 7 _aابن سعود، عبد العزيز بن عبد الرحمن بن فيصل،
_cملك السعودية،
_d1293-1373 هجري
_xمكتبة
_2aucnm
650 7 _aالمكتبات الخاصة
_zالسعودية
_2aucsh
856 4 2 _3Book Cover
_qJPEG
_uhttps://library.ithra.com/bc/00000000352514.jpeg
_z>CLICK_TO_VIEW_BOOK_COVER>
856 4 2 _3Table of contents
_qPDF
_uhttps://library.ithra.com/pdf/.pdf
_z>CLICK_TO_ACCESS_TOC>
942 _2ddc
_cBOOK
949 _aSA-JeALM
_d250608
_ukhaled123
_n1
999 _c8742
_d8742